<?xml version="1.0" encoding="UTF-8"?>
<record
    xmlns:xsi="http://www.w3.org/2001/XMLSchema-instance"
    xsi:schemaLocation="http://www.loc.gov/MARC21/slim http://www.loc.gov/standards/marcxml/schema/MARC21slim.xsd"
    xmlns="http://www.loc.gov/MARC21/slim">

  <leader>01138nam a2200241Ia 4500</leader>
  <controlfield tag="003">Ost</controlfield>
  <controlfield tag="005">20260507075127.0</controlfield>
  <controlfield tag="008">260507s9999||||xx |||||||||||||| ||und||</controlfield>
  <datafield tag="020" ind1=" " ind2=" ">
    <subfield code="a">9960406008</subfield>
  </datafield>
  <datafield tag="040" ind1=" " ind2=" ">
    <subfield code="c">fsecg</subfield>
  </datafield>
  <datafield tag="041" ind1=" " ind2=" ">
    <subfield code="a">ara</subfield>
  </datafield>
  <datafield tag="082" ind1=" " ind2=" ">
    <subfield code="a">330</subfield>
  </datafield>
  <datafield tag="100" ind1=" " ind2=" ">
    <subfield code="a">&#x631;&#x648;&#x628;&#x64A;&#x631;&#x62A; &#x62C;&#x60C; &#x623;&#x644;&#x64A;&#x646;</subfield>
    <subfield code="e">&#x645;&#x624;&#x644;&#x641;</subfield>
  </datafield>
  <datafield tag="245" ind1=" " ind2="0">
    <subfield code="a">&#x645;&#x635;&#x627;&#x62F;&#x631; &#x627;&#x644;&#x62F;&#x62E;&#x644; &#x627;&#x644;&#x645;&#x62A;&#x639;&#x62F;&#x62F; /</subfield>
    <subfield code="c"> &#x623;&#x644;&#x64A;&#x646; &#x631;&#x648;&#x628;&#x64A;&#x631;&#x62A; &#x62C;</subfield>
  </datafield>
  <datafield tag="260" ind1=" " ind2=" ">
    <subfield code="a">&#x627;&#x644;&#x631;&#x64A;&#x627;&#x636;: </subfield>
    <subfield code="b">&#x645;&#x643;&#x62A;&#x628;&#x629; &#x627;&#x644;&#x639;&#x628;&#x64A;&#x643;&#x627;&#x646;, </subfield>
    <subfield code="c">2005</subfield>
  </datafield>
  <datafield tag="300" ind1=" " ind2=" ">
    <subfield code="a">554  &#x635;&#x641;&#x62D;&#x629;&#x61B; </subfield>
    <subfield code="b">&#x625;&#x64A;&#x636;&#x627;&#x62D;&#x627;&#x62A; &#x61B;</subfield>
    <subfield code="c">25 &#x633;&#x645;</subfield>
  </datafield>
  <datafield tag="520" ind1=" " ind2=" ">
    <subfield code="a">&#x645;&#x627;&#x644; &#x633;&#x647;&#x644;- &#x645;&#x644;&#x64A;&#x648;&#x646;&#x64A;&#x631; &#x627;&#x644;&#x639;&#x634;&#x631; &#x62F;&#x642;&#x627;&#x626;&#x642;-&#x635;&#x64A;&#x63A;&#x629; &#x634;&#x62C;&#x631;&#x629; &#x627;&#x644;&#x646;&#x642;&#x62F;-&#x627;&#x644;&#x633;&#x644;&#x633;&#x644;&#x629; &#x627;&#x644;&#x62C;&#x628;&#x644;&#x64A;&#x629;- &#x627;&#x633;&#x62A;&#x631;&#x627;&#x62A;&#x64A;&#x62C;&#x64A;&#x627;&#x62A; &#x627;&#x644;&#x623;&#x633;&#x647;&#x645; &#x627;&#x644;&#x641;&#x648;&#x631;&#x64A;&#x629;-&#x627;&#x631;&#x628;&#x62D; &#x643;&#x62B;&#x64A;&#x631;&#x627; &#x641;&#x64A; &#x627;&#x644;&#x639;&#x642;&#x627;&#x631;- &#x62B;&#x631;&#x648;&#x629; &#x641;&#x64A; &#x62D;&#x62C;&#x632; &#x627;&#x644;&#x631;&#x647;&#x646; &#x648;&#x627;&#x644;&#x62A;&#x646;&#x627;&#x632;&#x644;-&#x627;&#x644;&#x62D;&#x635;&#x648;&#x644; &#x639;&#x644;&#x649; &#x623;&#x631;&#x628;&#x627;&#x62D; &#x636;&#x62E;&#x645;&#x629; - &#x62F;&#x641;&#x639; &#x636;&#x631;&#x627;&#x626;&#x628; &#x627;&#x644;&#x623;&#x634;&#x62E;&#x627;&#x635; &#x627;&#x644;&#x622;&#x62E;&#x631;&#x64A;&#x646;-&#x623;&#x62D;&#x62F;&#x62B; &#x622;&#x644;&#x629; &#x644;&#x644;&#x646;&#x642;&#x648;&#x62F;- &#x646;&#x634;&#x631; &#x627;&#x644;&#x645;&#x639;&#x644;&#x648;&#x645;&#x627;&#x62A; &#x648;&#x62A;&#x62D;&#x644;&#x64A;&#x644;&#x647;&#x627;- &#x627;&#x644;&#x62A;&#x62D;&#x648;&#x644; &#x627;&#x644;&#x633;&#x631;&#x64A;&#x639; &#x644;&#x644;&#x645;&#x644;&#x643;&#x64A;&#x629;</subfield>
  </datafield>
  <datafield tag="653" ind1=" " ind2=" ">
    <subfield code="a">&#x627;&#x644;&#x623;&#x631;&#x628;&#x627;&#x62D;</subfield>
  </datafield>
  <datafield tag="653" ind1=" " ind2=" ">
    <subfield code="a">&#x627;&#x644;&#x625;&#x633;&#x62A;&#x62B;&#x645;&#x627;&#x631;</subfield>
  </datafield>
  <datafield tag="653" ind1=" " ind2=" ">
    <subfield code="a">&#x627;&#x644;&#x623;&#x645;&#x648;&#x627;&#x644;</subfield>
  </datafield>
  <datafield tag="653" ind1=" " ind2=" ">
    <subfield code="a">&#x645;&#x635;&#x627;&#x62F;&#x631; &#x627;&#x644;&#x62F;&#x62E;&#x644;</subfield>
  </datafield>
  <datafield tag="942" ind1=" " ind2=" ">
    <subfield code="c">&#x643;&#x62A;&#x627;&#x628;</subfield>
  </datafield>
  <datafield tag="999" ind1=" " ind2=" ">
    <subfield code="c">43169</subfield>
    <subfield code="d">43169</subfield>
  </datafield>
</record>
